Англо-український тлумачний словник економічної лексики (Запис № 336413)
[ простий вигляд ]
| 000 -Лідер | |
|---|---|
| fixed length control field | 01709nam a22002657a 4500 |
| 001 - Контрольний номер | |
| control field | 50312 |
| 003 - Ідентифікатор контрольного номера | |
| control field | UA-OsUOA |
| 005 - Дата та час останнього входження (трансакції) | |
| control field | 20210114223253.0 |
| 007 - Фіксоване поле фізичного опису | |
| fixed length control field | ta |
| 008 - Елементи даних фіксованої довжини – загальна інформація | |
| fixed length control field | 20071115b un ||||| |||| 00| 0 ukr d |
| 020 ## - Міжнародний стандартний книжковий номер (ISBN) | |
| Міжнародний стандартний книжковий номер (ISBN) (НП) | 966-518-293-5 |
| 040 ## - Джерело каталогізації | |
| Агенція оригінальної каталогізації | UA-OsUOA |
| Мова каталогізації | ukr |
| Агенція, яка здійснювала перезапис | UA-OsUOA |
| Агенція, яка здійснювала модифікацію | UA-OsUOA |
| 041 ## - Код мови | |
| Код мови тексту/ звукової доріжки чи окремого заголовка (П) | ukr |
| 080 ## - Індекс Універсальної десяткової класифікації | |
| Індекс Універсальної десяткової класифікації (УДК) (НП) | (038)(330)161.2/111 |
| 090 ## - Локальний шифр розміщення | |
| Класифікаційний індекс УДК | (038)(330)161.2/111 |
| Авторський знак (НП) | Ш61 |
| 100 ## - Основне введення – ім’я особи | |
| Ім’я особи (НП) | Шимків А. |
| 245 ## - Відомості про назву | |
| Назва (НП) | Англо-український тлумачний словник економічної лексики |
| 260 ## - Публікація, розповсюдження і т.п. (Вихідні дані) | |
| Місце публікації, розповсюдження і т.п. (П) | К. |
| Ім’я/ наймення видавництва, розповсюджувача і т.п. (П) | КМА |
| Дата публікації, розповсюдження і т.п. (П) | 2004 |
| 300 ## - Фізичний опис | |
| Обсяг | 429 с. |
| 520 ## - Резюме і т.п. | |
| Резюме, реферат, анотація, тощо (НП) | Словник містить поняття і терміни, які застосовуються у провідних галузях економічної діяльності, найуживаніші словосполучення з ними та їх українські відповідники. Визначення термінів відображають їх міжнародне розуміння підкріплюються інформацією про практичнезастосування у світі.<br/>У словнику зафіксовано синонімічний, антонімічний, гіпонімічний звязок між термінами, розкрито їх етимологію.<br/>Для студентів і аспірантів економічних спеціальностей, викладачів, перекладачів та усіх, хто причетний до економічної діяльності. |
| 650 #7 - Додаткове предметне введення – тематичний термін | |
| Джерело заголовка чи терміна | UDC |
| 942 ## - Додаткові елементи входу (Коха) | |
| Тип елемента Koha | Книги |
| Source of classification or shelving scheme | Universal Decimal Classification |
| 955 ## - Код типу видання за змістом | |
| Код типу видання за змістом (НП) | Навчальні видання |
| Стан вилучень | Стан втрат | Джерело класифікації або схеми стелажів | Стан уражень | Не для кредиту | Постійне місце розташування | Поточне розміщення | Дата придбання | Джерело придбання | Вартість, звичайна ціна покупки | Усього замовленно | Повний номер виклику | Штрих-код | Дата останнього перегляду | Ціна ефективна від | Тип елемента Koha | Інвентарний номер |
|---|---|---|---|---|---|---|---|---|---|---|---|---|---|---|---|---|
| Universal Decimal Classification | АБ - Абонемент НБ | АБ - Абонемент НБ | 19/11/2007 | 198/2007 | 15.00 | (038) 33//111//161.2 Ш61 | 109325 | 11/01/2022 | 19/11/2007 | Книги | 109325 | |||||
| Universal Decimal Classification | Ресурсний центр вивчення іноземних мов ім. Олексія Ізментінова | Ресурсний центр вивчення іноземних мов ім. Олексія Ізментінова | 11/04/2011 | Акт №01/11 | 25.00 | 81 | 214072 | 01/11/2021 | 11/04/2011 | Книги | ||||||
| Universal Decimal Classification | ЧЗ - Читальна зала | ЧЗ - Читальна зала | 15/11/2007 | 195/2007 | 45.80 | (038)(330)161.2/111 Ш61 | 109255 | 11/02/2022 | 15/11/2007 | Книги | 109255 | |||||
| Universal Decimal Classification | ЧЗ - Читальна зала | ЧЗ - Читальна зала | 15/11/2007 | 195/2007 | 45.80 | (038)(330)161.2/111 Ш61 | 109256 | 09/02/2022 | 15/11/2007 | Книги | 109256 | |||||
| Universal Decimal Classification | ЧЗ - Читальна зала | ЧЗ - Читальна зала | 15/11/2007 | 195/2007 | 45.80 | (038)(330)161.2/111 Ш61 | 109257 | 09/02/2022 | 15/11/2007 | Книги | 109257 |